| 000 | 01190nac a22003857a 4500 | ||
|---|---|---|---|
| 001 | BR2015005700 | ||
| 003 | BR-BrBNA | ||
| 005 | 20240105124026.0 | ||
| 008 | 230509b bl.|||m| |||| 00| 0 por d | ||
| 040 |
_aBR-BrBNA _bpor _cBiblioteca Nacional de Agricultura |
||
| 072 | _aF03; F62; J10 | ||
| 090 | _a3575 BR2015005700 | ||
| 100 | 1 | _aLeão, N.V.M. | |
| 100 | 1 | _aOhashi, S.T. | |
| 100 | 1 | _aFreitas, A.D.D. de | |
| 100 | 1 | _aNascimento, M.R.S.M. do | |
| 100 | 1 | _aShimizu, E.S.C. | |
| 100 | 1 | _aReis, A.R.S. | |
| 100 | 1 | _aGalvão Filho, A.F. | |
| 100 | 1 | _aSouza, D. de | |
| 110 | 1 | _aEMBRAPA Amazônia Oriental, Belém, PA (Brasil) | |
| 245 | 1 | _aColheita de sementes e produção de mudas de espécies florestais nativas | |
| 260 | 3 |
_aBelém, PA (Brasil): _c2011. |
|
| 300 | _a47 p. | ||
| 490 |
_aDocumentos - EMBRAPA Amazônia Oriental (Brazil) _vno. 374 _xISSN 1517-2201 |
||
| 500 | _a126 illus.; 16 ref. | ||
| 650 | _aSEMENTE | ||
| 650 | _aMUDA | ||
| 650 | _aPRODUÇÃO DE SEMENTES | ||
| 650 | _aESSÊNCIA FLORESTAL | ||
| 650 | _aGERMINAÇÃO | ||
| 650 | _aDORMÊNCIA DA SEMENTE | ||
| 909 |
_a202312 _bLúcia Elande _c55 _dLúcia Elande |
||
| 942 |
_2AGRIS _n0 _cMS |
||
| 999 |
_c298033 _d298033 |
||